Alternative Strategies for Economie Development

Saved in:
Bibliographic Details
Main Author: Griffin, Keith
Format: Book
Language:English
Published: Houndmills Macmillan 1989
Edition:1. ed.
Tags: Add Tag
No Tags, Be the first to tag this record!

MARC

LEADER 00000nam a2200000 4500
001 c021243
005 20221215113312.3
041 0 |a eng 
044 |a GB 
245 1 0 |a Alternative Strategies for Economie Development  |c Keith Griffin 
250 |a 1. ed. 
264 1 |a Houndmills  |b Macmillan  |c 1989 
300 |a 267 s. 
100 1 |a Griffin, Keith